Situación de la agricultura interamericana 1992-1993.

Guardado en:
Autor Corporativo: Instituto Interamericano de Cooperación para la Agricultura.
Formato: Libro
Idioma:Spanish
Publicado: San José, Costa Rica : IICA, 1994.
Etiquetas: Agregar Etiqueta
Sin Etiquetas, Sea el primero en etiquetar este registro!
LEADER 00516nam a22001575a 4500
001 EEA.libagro005406
005 20180629112436.0
008 130809s1994####cr#a##########000#0#spa#d
020 |a 9290392436 
082 0 4 |a 338.1 
082 0 4 |a 339.5 
110 2 |a Instituto Interamericano de Cooperación para la Agricultura. 
245 1 0 |a Situación de la agricultura interamericana 1992-1993. 
260 |a San José, Costa Rica :  |b IICA,  |c 1994. 
300 |a 257 p. :  |b il. ;  |c 28 cm. 
859 |a AR-BbBCA  |b BIB. AGRONOMIA  |h 338.1  |i I25  |p 1996/2720